Gaming Quiz

Random Gaming or Board Games Quiz

Board Game Multiple Choice Quiz Stats

Quiz Updated Sep 20, 2016

Challenge
Share
Tweet
Embed
Score 0/20 Timer 05:00
8 Plays Today
Question Answer Wrong Answers
This medical game can cause your patient's nose to light up if you fail your quest. Operation
86.6%
Pandemic
0.8%
Infection
0.7%
Quackery: The Game of Medieval Medicine
0.9%
A yummy pie of knowledge, this game's categories include Entertainment, Geography, History, Arts & Literature, Science & Nature, and Sports & Leisure. Trivial Pursuit
86.3%
Wits & Wagers
0.8%
Facts in Five
1.2%
Ourburst
0.8%
Although now available in an electronic version, this game originally provided white pegs for misses and red pegs for hits. Battleship
86.1%
The Game of Life
1.2%
My Dog Has Fleas
0.7%
Connect Four
1.2%
The game that launched the Milton Bradley Company in 1860, it now gives you tiny blue and pink pegs for your offspring. The Game of Life
83.2%
Small World
1.6%
Sorry!
2.9%
Pandemic
1.2%
This board game was used as the base for a cult classic 1985 film starring Tim Curry, Christopher Lloyd, Madeline Kahn and more. Clue(do)
82.2%
Battleship
4.1%
Hungry Hungry Hippos
1.2%
Monopoly
1.7%
The highest value space in the Star Wars version of this board game is 'Coruscant: Imperial Palace'. Monopoly
78.7%
The Game of Life
3.3%
Careers
2.7%
Bargain Hunter
4.4%
Somewhat like decoding a safe lock, this game requires you to guess the color-coded combination of your opponent. Mastermind
78.3%
Trouble
3.5%
Go
2.7%
Boggle
4.4%
This politically incorrect card game came into creation out of a Kickstarter campaign after being developed in 2011 by students at Highland Park High School in Illinois. Cards Against Humanity
76.2%
Scattergories
1.8%
Taboo
7.9%
Balderdash
2.9%
Created in 1957 by a French film director, this game has spaces such as 'Kamchatka' and 'Western Australia'. Risk
75.5%
Axis & Allies
6.1%
Diplomacy
4.3%
Grand Strategy
2.9%
First published by Milton Bradley in 1974, this game is played on a vertical plane and classified as a zero-sum game. Connect Four
74.8%
Backgammon
7.5%
Sorry!
3.8%
Trouble
2.9%
In chess, this piece can only move diagonally. Bishop
71.7%
Rook
7.3%
Pawn
4.5%
Queen
5.5%
This Milton Bradley game features four characters named Lizzie, Henry, Homer and Harry. Hungry Hungry Hippos
69.9%
Cootie
4.4%
My Dog Has Fleas
5.6%
Chutes and Ladders
9.1%
Released in 2007 by North Star Games, this board game gives players a trivia question in each round, allows them to guess the answer, and then has each player bet on which answer is closest. Wits & Wagers
69.8%
Guess Who?
5.5%
Say Anything
11%
Go
2.5%
Also available in a highly popular app version, this train-based game is called 'Zug um Zug' in Germany. Ticket to Ride
67.8%
Engine to Drive
7.4%
Coal to Shovel
4.1%
Horn to Toot
9.5%
Created by a recovering polio patient in 1948, this Milton Bradley game features characters such as Plumpy, Gloppy, and Jolly. Candy Land
66.1%
Hungry Hungry Hippos
18%
Fireball Island
2.1%
HeroQuest
2.9%
This board game, which debuted in 1995, was developed by German game designer Klaus Teuber. Catan
57.3%
Carcassonne
13.3%
Zooloretto
8.4%
Alhambra
9.4%
This former Star Trek actor now hosts a web series called 'TableTop' that focuses on tabletop games. Wil Wheaton
52.7%
William Shatner
27.8%
Gates McFadden
2.4%
Brent Spiner
5.9%
A recent entry, this cooperative board game gives players skills such as Explorer, Diver, and Engineer. Forbidden Island
43.7%
Don't Break the Ice
8.2%
Agricola
10.3%
Dominion
26.3%
Originally released in 1981, it became part of the Milton Bradley 'Gamemaster' series in 1984 along with Broadsides and Boarding Parties, Shogun, Fortress America, and Conquest of the Empire. Axis & Allies
43.3%
Risk
24.6%
Civilization
16%
Age of Napoleon
4.8%
Created by Jean-Louis Roubira in 2008, this game has players try to match picture cards to a title suggested by the 'storyteller'. Dixit
15.6%
Scattergories
11.5%
Wits & Wagers
3%
Tell Me a Story
58.9%

You're not logged in!

Compare scores with friends on all Sporcle quizzes.
Sign Up with Email
OR
Log In

You Might Also Like...

Show Comments

Extras

Top Quizzes Today


Score Distribution

Your Account Isn't Verified!

In order to create a playlist on Sporcle, you need to verify the email address you used during registration. Go to your Sporcle Settings to finish the process.